000 00448nam#a2200169#c#4500
003 IEF
005 20180219164331.0
008 950804s1976 uuu####fr####| 0||u| |u
040 _aIEF
245 _aDebate sobre la crisis y las tendencias actuales del capitalismo mundial: ¿Cómo será 1984?
260 _aBilbao
_b Zero
_c1976
650 4 _aCAPITALISMO
_933520
650 4 _aSIGLO XX
_948420
942 _cLIB
942 _z77795
999 _c88322
_d88322